| 000 | 00484nam a2200145 4500 | ||
|---|---|---|---|
| 999 |
_c510062 _d510062 |
||
| 008 | 190723b ||||| |||| 00| 0 eng d | ||
| 100 |
_aAllie, Irfan Yasin _97221 |
||
| 245 | _aAssessing the macroeconomic impacts of natural disasters in Uttarakhand: a perceptual study | ||
| 260 | _c2019 | ||
| 300 | _ap.97-102. | ||
| 700 |
_aVyas, Anoop Kumar _97222 |
||
| 773 | _aPrestige International Journal of Management and Research | ||
| 906 | _aDisasters - Uttarakhand | ||
| 942 |
_2ddc _cAR |
||